Trouve la Finale de la Coupe du Monde grâce aux Buteurs du match - Statistiques

Statistiques générales
  • Ce quiz a été pris 171 fois
  • Le résultat moyen est 16 sur 22
Statistiques - réponses
Hint Réponse % Correct
Andrés Iniesta 2010 Espagne - Pays-Bas
95%
Lionel Messi (2), Angel Di Maria / Kylian Mbappé (3) 2022 Argentine - France
95%
Zinedine Zidane (2), Emmanuel Petit 1998 France - Brésil
94%
Mario Mandžukić (csc), Antoine Griezmann, Paul Pogba, Kylian Mbappé / Ivan Perišić Mario Mandžukić 2018 France - Croatie
94%
Marco Materazzi / Zinedine Zidane 2006 Italie - France
91%
Mario Götze 2014 Allemagne - Argentine
91%
Max Morlock,Helmut Rahn (2) / Ferenc Puskás, Zoltán Czibor 1954 RFA - Hongrie
83%
Ronaldo (2) 2002 Brésil - Allemagne
81%
Paolo Rossi, Marco Tardelli, Alessandro Altobelli / Paul Breitner 1982 Italie - RFA
79%
Vavá (2), Pelé (2), Mário Zagallo / Nils Liedholm, Agne Simonsson 1958 Brésil - Suède
78%
Paul Breitner, Gerd Müller / Johan Neeskens 1974 RFA - Pays-Bas
78%
Geoff Hurst (3), Martin Peters / Helmut Haller, Wolfgang Weber 1966 Angleterre - RFA
65%
José Luis Brown, Jorge Valdano, Jorge Burruchaga / Karl-Heinz Rummenigge, Rudi Völler 1986 Argentine - RFA
64%
Pablo Dorado, Pedro Cea, Santos Iriarte, Héctor Castro / Carlos Peucelle, Guillermo Stábile 1930 Uruguay- Argentine
60%
Amarildo, Zito, Vavá / Josef Masopust 1962 Brésil - Tchécoslovaquie
60%
Pelé, Gérson, Jairzinho, Carlos Alberto / Roberto Boninsegna 1970 Brésil - Italie
59%
Gino Colaussi (2), Silvio Piola (2) / Pál Titkos, György Sárosi 1938 Italie -Hongrie
58%
Andreas Brehme 1990 RFA - Argentine
56%
Mario Kempes (2), Daniel Bertoni / Dick Nanninga 1978 Argentine - Pays-Bas
55%
Raimundo Orsi, Angelo Schiavio / Antonín Puč 1934 Italie - Tchécoslovaquie
54%
Aucun buteur 1994 Brésil - Italie
44%
Juan Alberto Schiaffino, Alcides Ghiggia / Friaça 1950 Uruguay - Brésil
36%
Aucun quiz correspondant
Distribution des résultats
% des personnes avec chaque résultat
Percentile par nombre de réponses
Votre historique - résultats
Vous n’avez pas pris ce quiz